|
|
|
|
| LEADER |
00000nab a2200000 a 4500 |
| 001 |
vtls008426080 |
| 003 |
SK-MaSNL |
| 005 |
20260304223106.0 |
| 008 |
250505c2005 xo mr|p|||||||000 b|slo |
| 015 |
|
|
|a SNBRB2006/01
|2 snkbucl
|
| 035 |
|
|
|a (uuid)6dc2f392-12fa-4f7f-acef-04d57e61fb4c
|
| 035 |
|
|
|a urn:nbn:sk:snk-ab2512
|
| 035 |
|
|
|a (urnnbn)urn:nbn:sk:snk:ar-a01o3a
|
| 038 |
|
|
|a SNKBUCL
|
| 040 |
|
|
|a SNKBUCL
|b slo
|c SNKBUCL
|e AACR2
|
| 041 |
0 |
|
|a slo
|
| 044 |
|
|
|a xo
|c SK
|
| 080 |
|
|
|a 378.4:33:061.3
|2 1997
|
| 080 |
|
|
|a 37:33:061.3
|2 1997
|
| 080 |
|
|
|a 33
|2 1997
|
| 100 |
1 |
|
|a Goga, Marián,
|d 1950-
|4 aut
|9 260375
|
| 245 |
1 |
0 |
|a 65 rokov vysokoškolského ekonomického vzdelávania na Slovensku
|c Marián Goga, Eva Kafková
|
| 246 |
3 |
|
|a Šesťdesiatpäť rokov vysokoškolského ekonomického vzdelávania na Slovensku
|
| 300 |
|
|
|b Fotogr.
|
| 648 |
|
7 |
|a 24.-25.11.2005
|2 snkbucl
|9 1310229
|
| 650 |
0 |
7 |
|a ekonomické vzdelávanie
|2 snkbucl
|9 71679
|
| 650 |
0 |
7 |
|a konferencie
|2 snkbucl
|9 19221
|
| 700 |
1 |
|
|a Kafková, Eva,
|d 1950-
|4 aut
|9 101496
|
| 773 |
0 |
|
|t Biatec
|g Roč. 13, č. 12 (2005), s. 26-27
|x 1335-0900
|
| 850 |
|
|
|a Slovenská národná knižnica
|
| 852 |
|
|
|a Slovenská národná knižnica
|
| 954 |
|
|
|a odborná, vedecká literatúra pôvodná (slovenská)
|2 lita
|
| 958 |
|
|
|a article2022
|
| 958 |
|
|
|a OND
|
| 958 |
|
|
|a EUIPO
|
| 999 |
|
|
|c 3166342
|d 3168272
|